El Calderón alemán : (Registro nro. 89747)

Detalles MARC
000 -LEADER
campo de control de longitud fija 03347nam a2200505 i 4500
001 - NÚMERO DE CONTROL
campo de control 89747
003 - IDENTIFICADOR DE NÚMERO DE CONTROL
campo de control FINmELB
005 - FECHA Y HORA DE LA ÚLTIMA TRANSACCIÓN
campo de control 20241217171902.0
006 - CÓDIGOS DE INFORMACIÓN DE LONGITUD FIJA--CARACTERÍSTICAS DEL MATERIAL ADICIONAL
campo de control de longitud fija m o u
007 - CAMPO FIJO DE DESCRIPCIÓN FÍSICA--INFORMACIÓN GENERAL
campo de control de longitud fija cr cn|||||||||
008 - DATOS DE LONGITUD FIJA--INFORMACIÓN GENERAL
campo de control de longitud fija 220708s1998 gw a ob 001 0 spa d
020 ## - NÚMERO INTERNACIONAL ESTÁNDAR DEL LIBRO
Número Internacional Estándar del Libro 3893543570
Información calificativa (Vervuert)
020 ## - NÚMERO INTERNACIONAL ESTÁNDAR DEL LIBRO
Número Internacional Estándar del Libro 8488906633
Información calificativa (Iberoamericana)
035 ## - NÚMERO DE CONTROL DEL SISTEMA
Número de control de sistema (OCoLC)1336970587
040 ## - FUENTE DE CATALOGACIÓN
Centro catalogador/agencia de origen FINmELB
Lengua de catalogación spa
Normas de descripción rda
Centro/agencia transcriptor FINmELB
041 1# - CÓDIGO DE IDIOMA
Código de lengua del texto/banda sonora o título independiente spa
Código de lengua original eng
043 ## - CÓDIGO DE ÁREA GEOGRÁFICA
Código de área geográfica e-gx---
050 00 - SIGNATURA TOPOGRÁFICA DE LA BIBLIOTECA DEL CONGRESO
Número de clasificación PQ6311.G5
Número de ítem S855 1998
080 ## - NÚMERO DE LA CLASIFICACIÓN DECIMAL UNIVERSAL
Número de la Clasificación Decimal Universal 860 Calderón de la Barca, Pedro.06:830.09
082 00 - NÚMERO DE LA CLASIFICACIÓN DECIMAL DEWEY
Número de clasificación 862/.3
Información de edición 21
100 1# - ENTRADA PRINCIPAL--NOMBRE DE PERSONA
Nombre de persona Sullivan, Henry W.,
Fechas asociadas al nombre 1942-
Término indicativo de función/relación autor.
240 10 - TÍTULO UNIFORME
Título uniforme Calderón in the German lands and the Low Countries.
Lenguaje de la obra Español
245 13 - MENCIÓN DEL TÍTULO
Título El Calderón alemán :
Resto del título recepción e influencia de un genio hispano (1654-1980) /
Mención de responsabilidad, etc. Henry W. Sullivan ; traducido del inglés por Milena Grass.
264 #1 - PRODUCCIÓN, PUBLICACIÓN, DISTRIBUCIÓN, FABRICACIÓN Y COPYRIGHT
Producción, publicación, distribución, fabricación y copyright Frankfurt :
Nombre del de productor, editor, distribuidor, fabricante Vervuert Verlag ;
Producción, publicación, distribución, fabricación y copyright Madrid :
Nombre del de productor, editor, distribuidor, fabricante Iberoamericana,
Fecha de producción, publicación, distribución, fabricación o copyright 1998.
300 ## - DESCRIPCIÓN FÍSICA
Extensión 1 recurso en línea (531 páginas) :
Otras características físicas ilustraciones
336 ## - TIPO DE CONTENIDO
Término de tipo de contenido texto
Código de tipo de contenido txt
Fuente rdacontent/spa
337 ## - TIPO DE MEDIO
Nombre/término del tipo de medio computadora
Código del tipo de medio c
Fuente rdamedia/spa
338 ## - TIPO DE SOPORTE
Nombre/término del tipo de soporte recurso en línea
Código del tipo de soporte cr
Fuente rdacarrier/spa
490 1# - MENCIÓN DE SERIE
Mención de serie Teoría y práctica del teatro =
-- Theatre theory and practice ;
Designación de volumen o secuencia volumen 7
504 ## - NOTA DE BIBLIOGRAFÍA, ETC.
Nota de bibliografía, etc. Nota Incluye referencias bibliográficas (páginas [501]-506) e índice.
505 0# - NOTA DE CONTENIDO CON FORMATO
Nota de contenido con formato PÁGINA LEGAL -- CONTENIDO -- ILUSTRACIONES -- PREFACIO A LA VERSIÓN ESPAÑOLA -- INTRODUCCIÓN -- 1. VIDA Y OBRA DE DON PEDRO CALDERÓN DE LA BARCA (1600-1681) -- 2. ¿CÓMO LLEGARON LAS OBRAS DE CALDERÓN A ALEMANIA? LOS PAÍSES BAJOS, 1647-1767 -- 3. LOS BURGUESES APLAUDEN: CALDERÓN EN EL ANONIMATO -- 4. UNA VÍCTIMA DEL NEOCLASICISMO -- 5. LA REVOLUCIÓN CRÍTICA EN ALEMANIA -- 6. LA APOTEOSIS ROMÁNTICA DE CALDERÓN -- 7. LOS FILÓSOFOS IDEALISTAS ALEMANES -- 8. CALDERÓN EN LA ESCENA ROMÁNTICA ALEMANA -- 9. CALDERÓN Y LA MÚSICA ALEMANA -- 10. LA ERA DEL POSITIVISMO Y EL SEGUNDO REICH (1871-1918) -- 11. DE LA REPÚBLICA DE WEIMAR AL TERCER REICH -- 12. CALDERÓN EN ALEMANIA DESDE 1945 -- 13. CONCLUSIÓN GENERAL -- APÉNDICE A: CRONOLOGÍA DE LA DIFUSIÓN EUROPEA DEL TEATRO DE CALDERÓN EN OBRAS INDIVIDUALES, 1642-1799 -- APÉNDICE B: CRONOLOGÍA DE LA DIFUSIÓN EN LENGUA ALEMANA DEL TEATRO DE CALDERÓN EN OBRAS INDIVIDUALES, 1800-1977 -- ABREVIACIONES DE REVISTAS CIENTÍFICAS -- NOTAS -- BIBLIOGRAFÍA SELECCIONADA -- ÍNDICE.
588 ## - NOTA DE FUENTE DE LA DESCRIPCIÓN
Nota de fuente de la descripción Descripción basada en metadatos suministrados por el editor y otras fuentes.
590 ## - NOTA LOCAL (RLIN)
Nota local Recurso electrónico. Santa Fe, Arg.: elibro, 2022. Disponible vía World Wide Web. El acceso puede estar limitado para las bibliotecas afiliadas a elibro.
600 10 - PUNTO DE ACCESO ADICIONAL DE MATERIA--NOMBRE DE PERSONA
Nombre de persona Calderón de la Barca, Pedro,
Fechas asociadas al nombre 1600-1681
Subdivisión general Appreciation
Subdivisión geográfica Germany.
600 10 - PUNTO DE ACCESO ADICIONAL DE MATERIA--NOMBRE DE PERSONA
Nombre de persona Calderón de la Barca, Pedro,
Fechas asociadas al nombre 1600-1681
Subdivisión general Influence.
600 14 - PUNTO DE ACCESO ADICIONAL DE MATERIA--NOMBRE DE PERSONA
Nombre de persona Calderón de la Barca, Pedro,
Fechas asociadas al nombre 1600-1681.
Título de la obra Teatro
Subdivisión general Influencia
Subdivisión geográfica Alemania.
600 10 - PUNTO DE ACCESO ADICIONAL DE MATERIA--NOMBRE DE PERSONA
Nombre de persona Calderón de la Barca, Pedro,
Fechas asociadas al nombre 1600-1681
Subdivisión general Stage history
Subdivisión geográfica Germany.
650 #4 - PUNTO DE ACCESO ADICIONAL DE MATERIA--TÉRMINO DE MATERIA
Término de materia o nombre geográfico como elemento de entrada Literatura española y literatura alemana
Subdivisión general Influencia.
650 #0 - PUNTO DE ACCESO ADICIONAL DE MATERIA--TÉRMINO DE MATERIA
Término de materia o nombre geográfico como elemento de entrada German drama
Subdivisión general History and criticism.
655 #4 - TERMINO DE INDIZACIÓN--GENERO/FORMA
Datos o término principal de género/forma Libros electrónicos.
700 1# - ENTRADA AGREGADA--NOMBRE PERSONAL
Nombre de persona Grass, Milena,
Término indicativo de función/relación traductor.
797 2# - PUNTO DE ACCESO ADICIONAL LOCAL--NOMBRE DE ENTIDAD CORPORATIVA (RLIN)
Nombre de entidad corporativa o nombre de jurisdicción como elemento de entrada elibro, Corp.
830 #0 - PUNTO DE ACCESO ADICIONAL DE SERIE-TÍTULO UNIFORME
Título uniforme Teoría y práctica del teatro ;
Designación de volumen o secuencia volumen 7.
856 40 - LOCALIZACIÓN Y ACCESO ELECTRÓNICOS
Identificador Uniforme de Recurso <a href="https://elibro.net/ereader/politecnicointernacional/202753">https://elibro.net/ereader/politecnicointernacional/202753</a>

No hay ítems disponibles.


Politécnico Internacional

Institución de Educación Superior
Vigilado Mineducación.
SNES 4727 +4135 DEL 11 de nov. de 2004

Sedes

Sede Norte - Av. Boyacá 138 - 70

Sede Sur - Autopista Sur No 67 - 71

Sede Av Chile - Calle 73 Nº 10-45

Información Legal

Derechos Pecuniarios | Habeas Data | Reglamento Biblioteca


Compartir

YouTube | Twitter | Facebook | LinkedIn


Comunícate con nosotros:

Admisiones: 60-1-7950000
Atención al cliente: 60-1-4005700